The Malaysian economy : Problems and prospects
Gespeichert in:
| 1. Verfasser: | |
|---|---|
| Format: | Buch |
| Sprache: | Undetermined |
| Veröffentlicht: |
Singapore
D. Moore for Asia Pacific Press
1970
|
| Schlagworte: | |
| Tags: |
Tag hinzufügen
Keine Tags, Fügen Sie den ersten Tag hinzu!
|
| Thư viện lưu trữ: | Trung tâm Học liệu Trường Đại học Cần Thơ |
|---|
| LEADER | 00551nam a2200205Ia 4500 | ||
|---|---|---|---|
| 001 | CTU_90186 | ||
| 008 | 210402s9999 xx 000 0 und d | ||
| 082 | |a 330.9595 | ||
| 082 | |b K16 | ||
| 100 | |a Kanapathy, V. | ||
| 245 | 4 | |a The Malaysian economy : | |
| 245 | 0 | |b Problems and prospects | |
| 245 | 0 | |c V. Kanapathy | |
| 260 | |a Singapore | ||
| 260 | |b D. Moore for Asia Pacific Press | ||
| 260 | |c 1970 | ||
| 650 | |a Malaysia | ||
| 650 | |x Economic conditions | ||
| 904 | |i Năm,Hải | ||
| 980 | |a Trung tâm Học liệu Trường Đại học Cần Thơ | ||